LEADER 01023nam a2200229 i 4500 001 000000159581 003 CaOOAMICUS 005 20110318000000.0 008 110318s1889 it u000 u ita u 013 $a136944 040 $aSeMil$bita 100 1 $aLavigerie, Charles Martial Armand.$0(OLS)http://semarc/name/41897 245 10$aSulla schiavitù africana /$clettera di S. Em. il Card. Lavigerie ai signori direttori dell'Opera della propagazione della fede. 260 $aMilano :$bTipografia Pontificia S. Giuseppe,$c1889. 300 $a64 p. ;$c20 cm. 500 $aEstratta dal periodico Le missioni cattoliche, e nuovamente tradotta. 650 4$aSchiavitù.$0(OLS)http://semarc/subject/1253 773 0 $t[Miscellanea.$w()24570 850 $aSeMil 852 $aSeMil$W1$xVenegono$y1$m5B I 26/4 FA$j111138$B111138$CSeMilBibl$Z2$F120748 $8I 996 $6245$aSulla schiavitù africana$9(OLS)http://semarc/title/141713 996 $6260$aMilano :$bTipografia Pontificia S. Giuseppe$9(OLS)http://semarc/publisher/30602 LEADER 00764nam a2200193 i 4500 001 000000178850 003 CaOOAMICUS 005 20090415000000.0 008 090415s1934 it u000 u ita u 013 $a156425 040 $aSeMil$bita 245 13$aIl cittadino. Il monaco. Il vescovo. 300 $aXXXV, 405 p., [18] p. di tav. 500 $aContiene : Appendici. 700 1 $aDe Töth, Paolo.$0(OLS)http://semarc/name/9427 773 0 $aDe Töth, Paolo$tBeato cardinale Nicolò Albergati e i suoi tempi.$dMilano : Tipografia «La Commerciale», 1934.$gVolume1$w()21094 850 $aSeMil 852 $aSeMil$W1$xVenegono$y1$m3A IV 119$j129620$B129620$CSeMilBibl$Z2$F141107 $81 996 $6245$aIl cittadino. Il monaco. Il vescovo$9(OLS)http://semarc/title/256882